| 000 | 00738nam a2200289Ia 4500 | ||
|---|---|---|---|
| 008 | 170711s9999 xx 000 0 und d | ||
| 020 | _a9788172454289 | ||
| 050 | _a507.8 | ||
| 050 | _bB245 2012 | ||
| 100 | _aBardhan-Quallen, Sudipta | ||
| 245 | _aChampionship science fair projects : | ||
| 245 | _b100 sure-to-win experiments/ | ||
| 245 | _cby Sudipta Bardhan-Quallen. | ||
| 260 | _aNew Delhi : | ||
| 260 | _bGoodwill, | ||
| 260 | _c2012 | ||
| 300 | _a208 pages : | ||
| 300 | _billustrations ; | ||
| 300 | _c25cm. | ||
| 440 | _aGoodwill's. | ||
| 500 | _aIncludes index. | ||
| 650 | _aExperiments. | ||
| 650 | _aScience -- Experiments. | ||
| 650 | _aScience projects. | ||
| 700 | _aSeries. | ||
| 700 | _aTitle. | ||
| 999 |
_c339797 _d339797 |
||